Kde sa stratila vrchnosť alebo sedím na konári a je mi dobre?

Bibliographic Details
Main Author: Hlaváč, Gabriel (Author)
Format: Article
Language:Slovak
Subjects:

MARC

LEADER 00000nab a2200000 a 4500
001 vtls000876208
003 SK-MaSNL
005 20260302161921.0
008 180207c2003 xo 0 slo
015 |a SNBRB2004/06-19300 
035 |a CLN000227760 
040 |a SNKBUCL  |b slo  |c SNKBUCL  |e AACR2 
041 0 |a slo 
044 |a xo  |c SK 
080 |a 329.4(=214.58)(437.6)  |2 UDC-MRF-SK2 
080 |a 323.15(=214.58)(437.6)  |2 UDC-MRF-SK2 
100 1 |a Hlaváč, Gabriel  |4 aut  |9 860487 
245 1 0 |a Kde sa stratila vrchnosť  |b alebo sedím na konári a je mi dobre?  |c Gabriel Hlaváč 
650 0 7 |a strany politické rómske  |z Slovensko  |2 snkbucl  |9 860302 
650 0 7 |a Rómovia  |z Slovensko  |2 snkbucl  |9 365038 
650 0 7 |a romiká  |2 snkbucl  |9 72855 
655 7 |a články z novín a časopisov  |2 snkbucl  |9 267496 
773 0 |t Romano ľil nevo  |g Roč. 13, č. 599-603 (2003), s. 6 
850 |a Slovenská národná knižnica v Martine 
852 |a SNK  |b KIS3GCP 
958 |a RBX 
999 |c 1378639  |d 1380569